000 01079cam a2200349 a 4500
001 40133
005 20230410101711.0
008 960626s1995 qucac b 000 0bfre
035 _a(OCoLC)ocm35970636
040 _aNLC
_cNLC
_dOCL
_dOCLCQ
_dTEF
016 _a960312013
020 _a2980476404
020 _a9782980476402
029 0 _aNLC
_b960312013
035 _a(OCoLC)35970636
043 _anwht---
050 1 4 _a110 ML 420
_bD933P 1995
082 0 0 _a782.42164/092
100 1 _aPréval, Guerdy.
245 1 0 _aGérard Dupervil, ou, La voix d'une generation /
_cGuerdy Preval.
246 3 0 _aLa voix d'une génération
260 _a[Saint-Léonard, Québec] :
_bIlan-Ilan,
_c1995.
300 _a184, [2] p., [8] pages of plates. :
_bill. ;
_c22 cm.
504 _aIncludes bibliographical references (p. [185-186]).
600 1 0 _aDupervil, Gerard,
_d1932-1994.
650 0 _aComposers
_zHaiti
_vBiography.
650 0 _aSongs, French
_zHaiti
_xTexts.
650 4 _aCEH
650 4 _aColección Estudios Haitianos
942 _2lcc
_cbk
994 _aC0
_bDRFGD
999 _c12319
_d12319